Verejné výdavky ako nástroj rozhodovania vo verejnom sektore bakalárska práca

Guardado en:
Detalles Bibliográficos
Autor principal: Palková, Renáta
Autor Corporativo: Národohospodárska fakulta EU. Katedra financií
Otros Autores: Kozovský, Dušan
Formato: Libro
Lenguaje:eslovaco
Publicado: Bratislava 2009
Etiquetas: Agregar Etiqueta
Sin Etiquetas, Sea el primero en etiquetar este registro!

MARC

LEADER 00000nam$a2200000$$$4500
001 0103592
005 20240318141552.3
041 0 |a slo 
044 |a SK 
245 1 0 |a Verejné výdavky ako nástroj rozhodovania vo verejnom sektore  |b bakalárska práca  |c Renáta Palková ; škol. Dušan Kozovský 
264 1 |a Bratislava  |c 2009 
300 |a 40 s. 
100 1 |a Palková, Renáta 
700 1 |a Kozovský, Dušan 
710 2 |a Národohospodárska fakulta EU. Katedra financií